|
|
|
|
| LEADER |
01644nam a2200313 a 4500 |
| 003 |
BD-DhAAL |
| 005 |
20260301104405.0 |
| 008 |
100427s2010 njua 001 0 eng d |
| 020 |
|
|
|a 9780470409466
|
| 040 |
|
|
|a BKL
|c BKL
|d BAKER
|d YDXCP
|d PSM
|d DLC
|d BD-DhAAL
|
| 082 |
0 |
0 |
|a 657
|2 22
|
| 100 |
1 |
|
|a Weygandt, Jerry J.
|
| 245 |
1 |
0 |
|a Accounting principles /
|c Jerry J. Weygandt, Donald E. Kieso, Paul D. Kimmel.
|
| 250 |
|
|
|a Ninth edition.
|
| 260 |
|
|
|a Hoboken, NJ :
|b J. Wiley & Sons,
|c 2010.
|
| 300 |
|
|
|a 1 v. (various pagings) :
|b col. illustrations ;
|c 28 cm.
|
| 504 |
|
|
|a Includes indexes.
|
| 541 |
1 |
|
|e 00020187
|
| 650 |
|
0 |
|a Accounting.
|
| 700 |
1 |
|
|a Kieso, Donald E.
|
| 700 |
1 |
|
|a Kimmel, Paul D.
|
| 852 |
4 |
|
|a Ayesha Abed Library
|j General Shelf
|
| 942 |
0 |
0 |
|0 2
|2 ddc
|c BK
|
| 999 |
|
|
|c 8268
|d 8268
|
| 952 |
|
|
|0 0
|1 4
|2 ddc
|4 0
|6 657_000000000000000_WEY
|7 0
|9 9489
|a BRACUL
|b BRACUL
|c GEN
|d 2010-04-27
|l 2
|o 657 WEY
|p 3010020187
|r 2010-06-20
|s 2010-06-09
|t 1
|w 2010-04-27
|y BK
|x Koha Inventory 2020
|
| 952 |
|
|
|0 0
|1 0
|2 ddc
|4 0
|6 657_WEY_201000000000000
|7 0
|9 9490
|a BRACUL
|b BRACUL
|c GEN
|d 2010-04-27
|l 55
|m 207
|o 657 WEY
|p 3010020189
|r 2026-05-12
|s 2024-04-03
|t 2
|w 2010-04-27
|y BK
|
| 952 |
|
|
|0 0
|1 0
|2 ddc
|4 0
|6 657_WEY_201000000000000
|7 0
|9 9491
|a BRACUL
|b BRACUL
|c GEN
|d 2010-04-27
|l 57
|m 396
|o 657 WEY
|p 3010020188
|r 2024-05-05
|s 2024-02-01
|t 3
|w 2010-04-27
|y BK
|
| 952 |
|
|
|0 0
|1 0
|2 ddc
|4 0
|6 657_WEY_201000000000000
|7 0
|9 9492
|a BRACUL
|b BRACUL
|c GEN
|d 2010-04-27
|l 62
|m 365
|o 657 WEY
|p 3010020190
|r 2025-07-27
|s 2025-07-22
|t 4
|w 2010-04-27
|y BK
|
| 952 |
|
|
|0 0
|1 0
|2 ddc
|4 0
|6 657_WEY_201000000000000
|7 0
|9 9493
|a BRACUL
|b BRACUL
|c GEN
|d 2010-04-27
|l 54
|m 386
|o 657 WEY
|p 3010020191
|r 2025-11-18
|s 2025-11-03
|t 5
|w 2010-04-27
|y BK
|